00777cam a22002057 45000010005000000030008000050050017000130080039000300350018000690400032000870410008001190820025001271000053001522450267002052500011004722600038004833000022005215040020005436500008005637835BD-RjUL20211208234502.0140116s1959 ii 001 0 eng a(BD-RjUL)7879 aDLCcDLCdDLCdBD-RjULbeng aeng04219a347.51bRAL 19592 aKameswara Rao, Challa,d1884- [from old catalog]00aLaw of damages & compensation :bBeing a critical, analytical and explanatory treatment of the principles of the measure of damages for breach of contracts and civil wrongs /cThoroughly rev. and enl. by C. Kameswara Rao. With a foreword by Sir S. Varadachariar. a3d ed. aAllahabad :bLaw Book Co.,c1959. a1180 p. ;c24 cm. aIncludes index.07aLaw